| 000 | 00671nam a22002297a 4500 | ||
|---|---|---|---|
| 003 | DO-SdBNP | ||
| 005 | 20230427115939.0 | ||
| 007 | ta | ||
| 008 | 230419b19uu dr a|||| |||| 00| 0 spa d | ||
| 040 |
_aDO-SdBNP _bspa _cBNPHU |
||
| 041 | 1 | 7 |
_aspa _heng |
| 049 | _aBNPD | ||
| 082 | 4 |
_bQ8p _222 |
|
| 245 | 0 | 0 |
_aQuisqueya = an english-spanish version of the poetry of Santo Domingo / _cFrancis E. Townsend. |
| 246 | _aUna antología bilingüe de la poesía de Santo Domingo | ||
| 260 |
_as.l. : _bs.n. _cs.f. |
||
| 300 |
_a63 p. : _bil. ; _c23 cm. |
||
| 590 | _aInventariado, 2023/BT | ||
| 700 | 1 |
_aTownsend, Francis E. _923967 |
|
| 910 | _aBtavárez | ||
| 942 |
_2ddc _cLBS1 |
||
| 999 |
_c53314 _d53314 |
||